Normal view
MARC view
Entry Topical Term
001 - CONTROL NUMBER
- control field: 121776
003 - CONTROL NUMBER IDENTIFIER
- control field: BI-BuBU
005 - DATE AND TIME OF LATEST TRANSACTION
- control field: 20151110144823.0
008 - FIXED-LENGTH DATA ELEMENTS
- fixed length control field: 151110|||a|||||| | ||| d
040 ## - CATALOGING SOURCE
- Original cataloging agency: BI-BuBU
- Transcribing agency: BI-BuBU
150 ## - HEADING--TOPICAL TERM
- Topical term or geographic name as entry element: Population.Recensement.
- Chronological subdivision: 1979.
670 ## - SOURCE DATA FOUND
- Source citation: Work cat.: (BI-BuBU): aut Ministère de l'intérieur département de la population Burundi 121775, Recensement général de la population, 1985
670 ## - SOURCE DATA FOUND
- Source citation: Work cat.: (BI-BuBU): aut Ministère de l'intérieur département de la population Burundi 121775, Recensement général de la population, 1985